书目信息 |
| 题名: |
海上核能利用与展望
|
|
| 作者: | 肖钢 , 马强 编著 | |
| 分册: | ||
| 出版信息: | 武汉 武汉大学出版社 2015.12 |
|
| 页数: | 216页 | |
| 开本: | 24cm | |
| 丛书名: | 能源工程技术丛书 | |
| 单 册: | ||
| 中图分类: | TL | |
| 科图分类: | ||
| 主题词: | 核能--能源利用--研究 | |
| 电子资源: | ||
| ISBN: | 978-7-307-17399-6 | |
| 000 | 01008oam2 2200289 450 | |
| 001 | 002554894 | |
| 005 | 20170327094852.68 | |
| 010 | @a978-7-307-17399-6@b精装@dCNY95.00 | |
| 100 | @a20160330d2015 em y0chiy50 ea | |
| 101 | 0 | @achi |
| 102 | @aCN@b420000 | |
| 105 | @aab z 000yy | |
| 106 | @ar | |
| 200 | 1 | @a海上核能利用与展望@9hai shang he neng li yong yu zhan wang@f肖钢,马强编著 |
| 210 | @a武汉@c武汉大学出版社@d2015.12 | |
| 215 | @a216页@c图,地图@d24cm | |
| 225 | 2 | @a能源工程技术丛书 |
| 300 | @a湖北省学术著作出版专项资金资助项目 | |
| 330 | @a本书讲述了国内外海上核能应用情况。全书共分7章,依次为海上核能利用概述,海上核动力航母,海上核动力潜艇,海上核动力破冰船,海上核动力商船,海上浮动式核电站,海上核能利用展望。 | |
| 333 | @a能源工程研究人员 | |
| 461 | 0 | @12001 @a能源工程技术丛书 |
| 606 | 0 | @a核能@x能源利用@x研究 |
| 690 | @aTL@v5 | |
| 701 | 0 | @a肖钢@9xiao gang@4编著 |
| 701 | 0 | @a马强@9ma qiang@4编著 |
| 801 | 0 | @aCN@b人天书店@c20160330 |
| 905 | @b982300-02@dTL@e34@f3 | |
| 海上核能利用与展望/肖钢,马强编著.-武汉:武汉大学出版社,2015.12 |
| 216页:图,地图;24cm.-(能源工程技术丛书) |
| 湖北省学术著作出版专项资金资助项目.-使用对象:能源工程研究人员 |
| ISBN 978-7-307-17399-6(精装):CNY95.00 |
| 本书讲述了国内外海上核能应用情况。全书共分7章,依次为海上核能利用概述,海上核动力航母,海上核动力潜艇,海上核动力破冰船,海上核动力商船,海上浮动式核电站,海上核能利用展望。 |
| ● |
| 相关链接 |
|
|
|
|
正题名:海上核能利用与展望
索取号:TL/34
 
预约/预借
| 序号 | 登录号 | 条形码 | 馆藏地/架位号 | 状态 | 备注 |
| 1 | 982300 | 209823002 | 第二样本阅览室/ [索取号:TL/34] | 在馆 | |
| 2 | 982301 | 209823011 | 第三借阅区/ [索取号:TL/34] | 在馆 | |
| 3 | 982302 | 209823020 | 第三借阅区/ [索取号:TL/34] | 在馆 |